000 01149nam a22002537a 4500
003 PE SENCICO BE
005 20251020182622.0
008 221213b |||||||| |||| 00| 0 eng d
020 _a978-612-304-027-7
040 _aPE SENCICO BE
_cPE SENCICO BE
041 _aspa
082 _a519.5
_bG26
100 1 _9263
_aGarcía Oré, Celestino
245 1 _aEstadística descriptiva y probabilidades /
_cCelestino García Oré
250 _a1a ed.
260 _aLima:
_bMacro,
_c2017
300 _a269 p.:
_bdiagrs.;
_c24 cm.
505 0 _aEstadística descriptiva -- Distribuciones bidimensionales -- Probabilidades
520 3 _aExpone los lineamientos básicos de la estadística de acuerdo a los programas vigentes de la ingeniería y las ciencias. Como se sabe, la estadística es un método científico requerido en todo trabajo de investigación, ya que permite recolectar, describir y analizar daos, con el propósito de enmendar errores e innovar las relaciones humanas.
650 1 0 _aEstadística descriptiva
_9209
650 2 0 _aProbabilidades
_9264
910 _bhfp
_chfp
942 _2ddc
_cLIB
_h519.5
_iG26
999 _c3687
_d3687